| 000 | 00434nam a2200181Ia 4500 | ||
|---|---|---|---|
| 003 | OSt | ||
| 005 | 20230310114143.0 | ||
| 008 | 210210b1984 xxu||||| |||| 00| 0 eng d | ||
| 040 | _cAL | ||
| 082 | _a330/183 MITM | ||
| 100 |
_aMITHANI (D M) _974939 |
||
| 245 | _aModern economic theory | ||
| 260 |
_aBombay _bSheth Publishers _c1984 |
||
| 300 | _a...62 | ||
| 690 |
_aEconomic Theory _974940 |
||
| 906 | _aSG02387 | ||
| 942 |
_2ddc _cSG |
||
| 999 |
_c113737 _d113737 |
||